| 000 | 03811nam0a2200445 4500 | ||
|---|---|---|---|
| 001 | RU\NLR\BIBL_A\016270537 | ||
| 005 | 20230811160354.0 | ||
| 010 |
_a978-5-8381-0442-7 _9500 |
||
| 021 |
_aRU _bКН-П-22-090502 _9КН-П-22-8046 |
||
| 035 | _a(NLR Aleph) 016270537 | ||
| 035 | _a(RuMoRGB)011488865 | ||
| 090 |
_a12884847 _c12884847 |
||
| 100 | _a20230127d2022 k y0rusy50 ca | ||
| 101 | 0 |
_arus _deng _erus _eeng |
|
| 102 | _aRU | ||
| 105 | _ay z 000zy | ||
| 181 | 0 |
_ai _baxxe |
|
| 182 | 0 | _an | |
| 200 | 1 |
_aСовременные проблемы Корейского полуострова, 2022 _dKorean peninsula: current issues 2022 _eсборник статей российских корееведов _fРоссийская академия наук, Федеральное государственное автономное учреждение науки Институт Китая и современной Азии Российской академии наук, Центр корейских исследований _gредакторы: к.полит.н. А.З. Жебин (отв. ред.) [и др.] _zeng |
|
| 203 |
_aТекст _bвизуальный _cнепосредственный |
||
| 210 |
_aМосква _cИКСА РАН _d2022 |
||
| 215 |
_a315 с. _d21 |
||
| 300 | _aРез. ст. на англ. яз. | ||
| 320 | _aБиблиогр. в конце ст. | ||
| 330 | _aВ сборнике статей российских корееведов исследуются последние события и новые тенденции развития обстановки на Корейском полуострове, политической и экономической ситуации в КНДР и Республике Корея. Большое внимание уделено начавшейся на полуострове гонке вооружений между Севером и Югом, анализу возможных перемен в политике РК после прихода к власти в мае 2022 г. новой администрации во главе с президентом Юн Сок Ёлем. Анализируется влияние пандемии COVID-19 на политику обоих корейских государств. Сборник содержит анализ некоторых итогов и перспектив социально-экономического развития КНДР и РК и их отношения к развитию торгово-экономических связей с РФ в обстановке навязываемых США многим странам мира масштабных санкций против России | ||
| 510 | 1 |
_aKorean peninsula: current issues 2022 _zeng |
|
| 606 | 1 |
_aКорейский вопрос _jСборники _z21 в. _92293273 _3RU\NLR\AUTH\661373312 |
|
| 607 |
_aКорейская Народно-Демократическая Республика _jСборники _xИстория _zнач. 21 в. _92609984 _3RU\NLR\AUTH\661546542 |
||
| 607 |
_aКорея, Республика _jСборники _xИстория _zнач. 21 в. _92609986 _3RU\NLR\AUTH\661546544 |
||
| 675 |
_a327(519) _v4 |
||
| 686 | 1 | _aТ3(5КоД)73я43 | |
| 686 | 1 | _aТ3(5КоЮ)64я43 | |
| 686 | 1 | _aТ3(0)63-611.9я43 | |
| 702 | 1 |
_aЖебин _bА. З. _f1948- _gАлександр Захарович _4340 |
|
| 712 | 0 | 2 |
_4570 _aИнститут Китая и современной Азии _bЦентр корейских исследований _cМосква _9833343 _3RU\NLR\AUTH\880583730 |
| 942 | _cBOOK | ||
| 980 | _aNB | ||